00699naa a2200145 i 45000010005000000030009000050050017000140080039000310400029000700800010000991000136001092450057002456500021003027730230003239875KOSZ 00520180430140026.0180411s2012 pl a f f |000 0 pol cKOSZ 005/HRaKOSZ 005/HR a621.31 aDUER, Stanisław.d2003 - .bPolitechnika Koszalińska - Wydział Mechaniczny,cKatedra Zastosowań Elektroniki i Elektrotechniki10aBadanie silnika prądu stałego /cStanisław Duer. 0aElektrotechnika.0 iW :tPodstawy elektrotechniki i elektroniki dla nieelektryków : laboratorium : praca zbiorowa. T. 2 / pod red. Jerzego Smyczka. - dKoszalin : Wydaw. Uczelniane Politechniki Koszalińskiej, 2012. -gs. 15-50z9788373652927